Normal view
MARC view
- Pathak, Jay Ram
Entry Personal Name
001 - CONTROL NUMBER
- control field: 100472
003 - CONTROL NUMBER IDENTIFIER
- control field: NUST
005 - DATE AND TIME OF LATEST TRANSACTION
- control field: 20221017132705.0
008 - FIXED-LENGTH DATA ELEMENTS
- fixed length control field: 221017|| aca||aabn | a|a d
040 ## - CATALOGING SOURCE
- Original cataloging agency: NUST
- Transcribing agency: NUST
100 ## - HEADING--PERSONAL NAME
- Personal name: Pathak, Jay Ram
670 ## - SOURCE DATA FOUND
- Source citation: Work cat.: (NUST): Pathak, Jay Ram , Cryptography And Network Security/ , 2019
